[Event "Pfalz op-B 11th"]
[Site "Neustadt an der Weinstrasse"]
[Date "2020.02.24"]
[Round "7"]
[White "Yeganyan, Artur"]
[Black "Gerhardt, Pascal"]
[Result "1-0"]
[WhiteElo "1840"]
[BlackElo "1728"]
[PlyCount "123"]
[EventDate "2020.02.21"]
[EventType "swiss"]
[EventRounds "7"]
[EventCountry "GER"]
[SourceTitle "CBM 195 Extra"]
[Source "ChessBase"]
[SourceDate "2020.05.31"]
[SourceVersion "1"]
[SourceVersionDate "2020.05.31"]
[SourceQuality "1"]

1. d4 Nf6 2. Bf4 g6 3. Nc3 d5 4. e3 Bg7 5. Nb5 Na6 6. c4 c6 7. Nc3 Nc7 8. Rc1 0-0 9. Bxc7 Qxc7 10. cxd5 cxd5 11. Nxd5 Qa5+ 12. Nc3 Ne4 13. Qa4 Qxa4 14. Nxa4 Bd7 15. Nc3 Rac8 16. Nge2 Nxc3 17. bxc3 Be6 18. a3 Rc4 19. Nf4 Ra4 20. Nxe6 fxe6 21. Ra1 Rf5 22. Bd3 Rfa5 23. Kd2 Rxa3 24. Rxa3 Rxa3 25. Rb1 b6 26. f4 g5 27. Bc4 Bf6 28. f5 g4 29. Bxe6+ Kg7 30. e4 Bg5+ 31. Kd3 Bf4 32. h3 g3 33. Rf1 Bc7 34. e5 a5 35. Bc4 Ra4 36. Rf3 Ra1 37. Rxg3+ Kh6 38. Rf3 a4 39. f6 exf6 40. exf6 a3 41. f7 Bd6 42. f8Q+ Bxf8 43. Rxf8 a2 44. Bxa2 Rxa2 45. Rg8 b5 46. d5 Ra1 47. Kd4 Rd1+ 48. Kc5 Rd3 49. d6 Rxc3+ 50. Kxb5 Rd3 51. Kc6 Rc3+ 52. Kb7 Rb3+ 53. Kc8 Rc3+ 54. Kd8 Ra3 55. Rg4 Ra2 56. Ke7 Re2+ 57. Kf6 Rf2+ 58. Ke5 Re2+ 59. Kd5 Rd2+ 60. Rd4 Rxg2 61. d7 Rg8 62. Kc6 1-0

[Event "Pfalz op-B 10th"]
[Site "Neustadt an der Weinstrasse"]
[Date "2019.03.01"]
[Round "1"]
[White "Meyer, Marc1111"]
[Black "Gerhardt, Pascal"]
[Result "1-0"]
[WhiteElo "1802"]
[BlackElo "1620"]
[PlyCount "66"]
[EventDate "2019.03.01"]
[EventType "swiss"]
[EventRounds "7"]
[EventCountry "GER"]
[SourceTitle "CBM 189 Extra"]
[Source "ChessBase"]
[SourceDate "2019.06.03"]
[SourceVersion "1"]
[SourceVersionDate "2019.06.03"]
[SourceQuality "1"]

1. e4 c5 2. Nf3 d6 3. d4 cxd4 4. Nxd4 Nf6 5. Nc3 a6 6. Be3 e5 7. Nb3 Be6 8. f3 Be7 9. Qd2 Nbd7 10. g4 b5 11. g5 Nh5 12. 0-0-0 Nf4 13. Ne2 Nxe2+ 14. Bxe2 Rc8 15. Kb1 Qc7 16. f4 Bc4 17. f5 Bxe2 18. Qxe2 Qc4 19. Qg2 Nc5 20. Nxc5 dxc5 21. Rd5 f6 22. Rhd1 0-0 23. h4 Rfd8 24. Rxd8+ Rxd8 25. Rd5 Rxd5 26. exd5 Qxh4 27. d6 Qe1+ 28. Bc1 Bxd6 29. Qd5+ Kf8 30. Qxd6+ Ke8 31. gxf6 gxf6 32. Qe6+ Kf8 33. Qxf6+ Kg8 1-0